| 000 | 01443nam a2200325Ia 4500 | ||
|---|---|---|---|
| 001 | ebr10355444 | ||
| 003 | CaPaEBR | ||
| 006 | m u | ||
| 007 | cr cn||||||||| | ||
| 008 | 090624s2009 pau sb 001 0 eng d | ||
| 010 | _z 2009026225 | ||
| 020 | _z9789027248237 (hb : alk. paper) | ||
| 040 |
_aCaPaEBR _cCaPaEBR |
||
| 035 | _a(OCoLC)649901469 | ||
| 050 | 1 | 4 |
_aP217.52 _b.L63 2009eb |
| 245 | 0 | 0 |
_aLoan phonology _h[electronic resource] / _cedited by Andrea Calabrese, W. Leo Wetzels. |
| 260 |
_aPhiladelphia, PA : _bJohn Benjamins Pub. Co., _c2009. |
||
| 300 | _a273 p. | ||
| 490 | 1 |
_aCurrent issues in linguistic theory, _x0304-0763 ; _v307 |
|
| 504 | _aIncludes bibliographical references and index. | ||
| 533 |
_aElectronic reproduction. _bPalo Alto, Calif. : _cebrary, _d2011. _nAvailable via World Wide Web. _nAccess may be limited to ebrary affiliated libraries. |
||
| 650 | 0 |
_aGrammar, Comparative and general _xPhonology, Comparative. |
|
| 650 | 0 |
_aLanguage and languages _xForeign words and phrases. |
|
| 655 | 7 |
_aElectronic books. _2local |
|
| 700 | 1 |
_aCalabrese, Andrea, _d1956- |
|
| 700 | 1 | _aWetzels, Leo. | |
| 710 | 2 | _aebrary, Inc. | |
| 830 | 0 |
_aAmsterdam studies in the theory and history of linguistic science. _nSeries IV, _pCurrent issues in linguistic theory ; _v307. |
|
| 856 | 4 | 0 |
_uhttp://site.ebrary.com/lib/rucke/Doc?id=10355444 _zAn electronic book accessible through the World Wide Web; click to view |
| 999 |
_c107274 _d107274 |
||